| 000 | 00000nam##2200000za#4500 |
| 001 | 9.625814 |
| 003 | CaOODSP |
| 005 | 20200421163420 |
| 007 | ta |
| 008 | 150406|2001||||xxc||||| f|0| 0 fre|d |
| 020 | |a0-662-86374-7 |
| 040 | |aCaOODSP|bfre |
| 043 | |an-cn--- |
| 086 | 1 |aNH18-22/101-122F |
| 110 | 2 |aSociété canadienne d'hypothèques et de logement. |
| 245 | 10|aInfiltration d'air dans les maisons canadiennes en provenance des garages attenants |
| 260 | |aOttawa - Ontario : |bSociété canadienne d'hypothèques et de logement |c2001. |
| 300 | |a4p. : |bgraphiques, tableaux ; |c28 cm. |
| 490 | 1 |aLe point en recherche. Série technique |v01-122 |
| 563 | |aDépliant |
| 590 | |a01-42|b2001-10-19 |
| 691 | 07|aLogement|2gcpds |
| 691 | 07|aPollution atmosphérique|2gcpds |
| 775 | 08|tAir infiltration from attached garages in Canadian houses |w(CaOODSP)9.615798 |
| 776 | 0#|tInfiltrations d'air dans les maisons canadiennes en provenance des garages attenants |w(CaOODSP)9.602675 |
| 830 | #0|aLe point en recherche. Série technique ;|v01-122|w(CaOODSP)9.513179 |
| 986 | |aLNH 61170 |